000 00446nam a2200169Ia 4500
008 180207s9999 xx 000 0 und d
020 _a9789830009360
050 _bB618 2005
245 4 _aThe bird and the bumblebee /
245 _cillustrated by Silvia Baroncelli.
260 _bPenerbitan Pelangi Sdn. Bhd.,
260 _c2005
300 _a16 pages :
300 _bcolor illustrations ;
300 _c19cm.
440 _aFamous fables.
999 _c355618
_d355618